000 00393nam a2200157Ia 4500
005 20260417150918.0
008 260417s9999||||xx |||||||||||||| ||und||
020 _a9781447310570
041 _aeng
100 _aPeace
245 0 _aEnvironments of ageing
260 _bCambridge, Cambridge,
_c2022
650 _aMedia & Communication
856 _u10.46692/9781447310570
942 _cE-BOOK
999 _c50664
_d50664